|
|
|
|
| LEADER |
01323cam a2200349Ia 4500 |
| 001 |
9780203474525 |
| 003 |
FlBoTFG |
| 005 |
20091230162920.0 |
| 006 |
a|||||s||||||||||| |
| 007 |
cr|||| |
| 008 |
930106s1993 enkak sb 001 0 eng d |
| 020 |
|
|
|a 9780203474525 (e-book : PDF)
|
| 040 |
|
|
|a FlBoTFG
|c FlBoTFG
|d GrThAP
|
| 043 |
|
|
|a e-uk---
|
| 090 |
|
|
|a KD1641
|b .S73 1993
|
| 092 |
|
|
|a 343.41078624
|b S836
|
| 100 |
1 |
|
|a Stephenson, Douglas A.
|
| 245 |
1 |
0 |
|a Arbitration practice in construction contracts
|h [electronic resource] /
|c Douglas A. Stephenson ; foreword by Lord Goff of Chieveley.
|
| 250 |
|
|
|a 3rd ed.
|
| 260 |
|
|
|a London ;
|a New York :
|b E & FN Spon,
|c 1993.
|
| 300 |
|
|
|a xv, 213 p. :
|b ill., forms.
|
| 490 |
1 |
|
|a The builders bookshelf series
|
| 504 |
|
|
|a Includes bibliographical references (p. [205]-206) and index.
|
| 530 |
|
|
|a Also available in print edition.
|b CRC Press (http://www.crcpress.com)
|
| 538 |
|
|
|a Mode of access: World Wide Web.
|
| 650 |
|
0 |
|a Civil engineering contracts
|z Great Britain.
|
| 650 |
|
0 |
|a Construction contracts
|z Great Britain.
|
| 650 |
|
0 |
|a Arbitration and award
|z Great Britain.
|
| 655 |
|
7 |
|a Electronic books.
|2 lcsh
|
| 776 |
1 |
|
|z 9780419183303
|
| 830 |
|
0 |
|a Builders bookshelf series.
|
| 856 |
4 |
0 |
|u http://www.tandfebooks.com/isbn/9780203474525
|z Full Text via HEAL-Link
|